[Event "56th ch-RUS"]
[Site "Krasnoyarsk RUS"]
[Date "2003.09.05"]
[Round "3"]
[White "Rychagov,A"]
[Black "Balashov,Y"]
[Result "1/2-1/2"]
[WhiteElo "2554"]
[BlackElo "2500"]

1.d4 Nf6 2.c4 e6 3.Nc3 Bb4 4.Qc2 O-O 5.a3 Bxc3+ 6.Qxc3 a5 7.g3 Nc6 8.Bg2 d6
9.Nf3 a4 10.O-O Qe7 11.Bg5 e5 12.d5 Na5 13.Nd2 h6 14.Bxf6 Qxf6 15.f4 Qe7
16.fxe5 Qxe5 17.Qxe5 dxe5 18.c5 Bd7 19.Rac1 Bb5 20.Rf2 Rad8 21.e4 c6 22.Rc3 Rfe8
23.g4 f6 24.h4 Rf8 25.g5 hxg5 26.hxg5 fxg5 27.Bh3 Rxf2 28.Kxf2 cxd5 29.exd5 Rf8+
30.Ke3 Rf4 31.Bg2 Rf6 32.Ne4 Rf4 33.Nd6 Ba6 34.c6 bxc6 35.Rc5 Nb3 36.Rxc6 Bf1
37.Rc8+ Kh7 38.Be4+ g6 39.Rc7+ Kg8 40.Bxg6 Nd4 41.Ne4 g4 42.d6 Bb5 43.d7 Rf3+
44.Kd2 Bxd7 45.Rxd7 g3 46.Nxg3 Rxg3 47.Be4 Nb3+ 48.Kc2 Nd4+ 49.Kb1 Rg1+ 50.Ka2 Ne2
51.Bd5+ Kf8 52.Rf7+ Ke8 53.Ra7 Nc1+ 54.Kb1 Nb3+ 55.Kc2 Nd4+ 56.Kd3 Rd1+ 57.Ke4 Re1+
58.Kd3 Rd1+ 59.Kc4 Rc1+ 60.Kb4 Rc2 61.Rxa4 Rxb2+ 62.Kc5 Ke7 63.Ra7+ Kf6 64.Rf7+ Kg6
65.Rf1 Rb5+ 66.Kd6 Nf5+ 67.Ke6 Ne3 68.Rg1+ Kh6 69.Bc6 Rc5 70.Kd6 Ra5 71.a4 e4
72.Bb5 Nc4+ 73.Bxc4 Rxa4 74.Kd5 e3 75.Kd4 Ra5 76.Kxe3 Rg5 77.Rf1 Kg7 78.Ke4 Rg4+
79.Kd5 Rg5+ 80.Kd6 Rg6+ 81.Be6 Rg5 82.Bf5 Rg3 83.Ke5 Re3+ 84.Be4 Re2 85.Rg1+ Kf7
86.Rh1 Kg7 87.Rh7+ Kg8 88.Ra7 Re1 89.Kf5 Re2 90.Kg6 Kf8 91.Bd5 Rf2 92.Be6 Ke8
93.Bf5 Rd2 94.Kf6 Kd8 95.Be6 Rd1 96.Ke5 Ke8 97.Rb7 Rd2 98.Bf7+ Kf8 99.Bg6 Rd1
100.Ke6 Ra1 101.Bf5 Ra6+ 102.Ke5 Rh6 103.Ra7 Kg8 104.Be6+ Kf8 105.Rf7+ Kg8
106.Ra7+ Kf8 107.Rc7 Rg6 108.Rh7 Rg7 109.Rh8+ Ke7 110.Bf5 Kf7 111.Rh6 Ke7
112.Re6+ Kf7 113.Ra6 Kf8 114.Bg6 Re7+ 115.Kf6 Rf7+ 116.Kg5 Rc7 117.Re6 Re7
118.Rf6+ Kg7 119.Bf5 Rf7 120.Rd6 Re7 121.Be6 Ra7 122.Bd5 Kf8 123.Kf6 Rf7+
124.Ke5 Re7+ 125.Be6 Rg7 126.Kf5  1/2-1/2

[Event "FSIM September"]
[Site "Budapest HUN"]
[Date "2003.09.07"]
[Round "2"]
[White "Gerard,N"]
[Black "Szabo,K"]
[Result "1/2-1/2"]
[WhiteElo "2285"]
[BlackElo "2277"]

1.d4 Nf6 2.c4 e6 3.Nc3 Bb4 4.Qc2 O-O 5.e4 d5 6.e5 Ne4 7.Bd3 c5 8.cxd5 exd5
9.Ne2 cxd4 10.Nxd4 Nd7 11.f4 Ndc5 12.O-O Bxc3 13.bxc3 Qa5 14.Bd2 Bd7 15.Bxe4 Nxe4
16.Rf3 Rfe8 17.Be1 Rac8 18.Qb3 b6 19.Re3 Ba4 20.Qa3 Rc4 21.Nf5 Qc5 22.Qxc5 Rxc5
23.Ng3 Nxg3 24.Rxg3 Bc2 25.Bf2 Rc4 26.Bd4 g6 27.Re3 h5 28.h3 Bf5 29.a4 Re7
30.Re2  1/2-1/2

[Event "1st League TCh-SCG"]
[Site "Budva SCG"]
[Date "2003.09.08"]
[Round "10"]
[White "Drasko,M"]
[Black "Lekic,D"]
[Result "1/2-1/2"]
[WhiteElo "2491"]
[BlackElo "2416"]

1.d4 Nf6 2.c4 e6 3.Nc3 Bb4 4.Qc2 O-O 5.a3 Bxc3+ 6.Qxc3 b6 7.Bg5 Bb7 8.Nf3 d6
9.Nd2 Nbd7 10.f3 Rc8 11.e3 Re8 12.Bd3 c5 13.O-O h6 14.Bh4 d5 15.cxd5 cxd4  1/2-1/2

[Event "VII Pablo Gorbea"]
[Site "Madrid ESP"]
[Date "2003.09.08"]
[Round "8"]
[White "Bass,L"]
[Black "Gonzalez Mateos,R"]
[Result "1-0"]
[WhiteElo "2444"]
[BlackElo "2243"]

1.d4 Nf6 2.c4 e6 3.Nc3 Bb4 4.Qc2 O-O 5.a3 Bxc3+ 6.Qxc3 d5 7.Nf3 dxc4 8.Qxc4 b6
9.Bg5 Ba6 10.Qc2 Nbd7 11.Rd1 Qc8 12.g3 Bb7 13.Bg2 Be4 14.Qd2 Qb7 15.O-O Rac8
16.Rc1 c5 17.dxc5 Rxc5 18.Rxc5 bxc5 19.Bxf6 Nxf6 20.Rc1 Qb6 21.Ne5 Bxg2 22.Kxg2 Rd8
23.Qc2 h5 24.f3 h4 25.Nc4 Qc6 26.Qc3 Qb5 27.Kf2 Nd5 28.Qd2 Rb8 29.Rc2 hxg3+
30.hxg3 Nb6 31.Nd6 Qd7 32.Ne4 Qxd2 33.Nxd2 Na4 34.b3 Nb6 35.Rxc5 Rb7 36.e4 g6
37.Ke3 Kf8 38.g4 Ke7 39.g5 Nd7 40.Ra5 Kd6 41.Nc4+ Kc7 42.b4 Nb6 43.Rc5+ Kd7
44.Ne5+ Kd6 45.Kd4 Nd7 46.Nc4+ Ke7 47.Ra5 Rc7 48.Ne5 f6 49.gxf6+ Kxf6 50.Ng4+ Ke7
51.f4 Rb7 52.Ne5 Kf6 53.Nc6 Rc7 54.b5 e5+ 55.fxe5+ Ke6 56.Rxa7 Rc8 57.Ra6  1-0

[Event "1st League TCh-SCG w"]
[Site "Budva SCG"]
[Date "2003.09.09"]
[Round "11"]
[White "Matveeva,S"]
[Black "Peptan,C"]
[Result "1/2-1/2"]
[WhiteElo "2478"]
[BlackElo "2485"]

1.d4 Nf6 2.c4 e6 3.Nc3 Bb4 4.Qc2 O-O 5.a3 Bxc3+ 6.Qxc3 b6 7.Bg5 Bb7 8.f3 c5
9.dxc5 bxc5 10.e3 a5 11.Bd3 Nc6 12.Ne2 d6 13.O-O h6 14.Bh4 Ne5 15.Rad1 Rb8
16.Bb1 Ba6 17.Ba2 Ng6 18.Bg3 e5 19.Rd2 Qb6 20.Rfd1 Rfd8 21.Qc2 d5 22.cxd5 c4
23.Bf2 e4 24.f4 Qc5 25.d6 Rb6 26.h3 Rbxd6 27.Rxd6 Rxd6 28.Rxd6 Qxd6 29.Bxc4 Bxc4
30.Qxc4 Qd1+ 31.Kh2 Qf1 32.Bg3 h5 33.f5 Qxf5 34.Nd4 Qg5 35.Qc8+ Kh7 36.Nf5 Nd5
37.Qd7 Nxe3 38.Nxe3 Qxe3 39.Qxf7 Qg5 40.b4 axb4 41.axb4 e3 42.Qe6 h4 43.Bd6 Qd8
44.Bc5 Qg5 45.Qxe3 Nf4 46.Qe4+ Kh8 47.Bf2 Qf6 48.b5 Qd6 49.Qa8+ Kh7 50.Qc6 Qe5
51.Bxh4 Nh5+ 52.Kg1 Qa1+ 53.Kh2 Qe5+ 54.Kh1 Qa1+ 55.Kh2 Qe5+ 56.Kg1 Qa1+
57.Kh2 Qe5+ 58.Kh1 Qa1+ 59.Kh2 Qe5+ 60.Kg1 Qa1+ 61.Kh2 Qe5+  1/2-1/2

[Event "VII Pablo Gorbea"]
[Site "Madrid ESP"]
[Date "2003.09.09"]
[Round "9"]
[White "Gustafsson,J"]
[Black "Bass,L"]
[Result "1/2-1/2"]
[WhiteElo "2570"]
[BlackElo "2444"]

1.d4 Nf6 2.c4 e6 3.Nc3 Bb4 4.Qc2 O-O 5.a3 Bxc3+ 6.Qxc3 b6 7.Bg5 Bb7 8.Nf3 d6
9.Nd2 Nbd7 10.f3 d5 11.e3 c5 12.cxd5 exd5 13.Bb5 cxd4 14.Qxd4 Nc5 15.Bxf6 gxf6
16.O-O Qe7 17.b4 Ne6 18.Qh4 Nc7 19.Bd3 Qxe3+ 20.Rf2 Qxd3 21.Qg3+ Kh8 22.Qxc7 Bc8
23.Qf4 Qf5 24.Qxf5 Bxf5 25.Nb3 Rfc8 26.Rd2 Rc3 27.Nc1 Rc2 28.Rxc2 Bxc2 29.Ne2 Rc8
30.Rc1 Rc4  1/2-1/2

[Event "56th ch-RUS"]
[Site "Krasnoyarsk RUS"]
[Date "2003.09.10"]
[Round "7"]
[White "Inarkiev,E"]
[Black "Kiriakov,P"]
[Result "0-1"]
[WhiteElo "2582"]
[BlackElo "2553"]

1.d4 e6 2.c4 Nf6 3.Nc3 Bb4 4.Qc2 O-O 5.a3 Bxc3+ 6.Qxc3 Ne4 7.Qc2 f5 8.e3 b6
9.Nh3 Bb7 10.f3 Qh4+ 11.Nf2 Ng5 12.b3 d6 13.Bb2 Nxf3+ 14.gxf3 Bxf3 15.Rg1 Qxh2
16.Rg5 h6 17.Rg6 Kf7 18.Rxe6 Kxe6 19.c5 d5 20.Rc1 c6 21.a4 Rf6 22.b4 Kf7
23.b5 Kg8 24.Qb3 Re6 25.Nh3 f4 26.Rc3 bxc5 27.dxc5 Nd7 28.bxc6 Nxc5  0-1

[Event "2nd Masters"]
[Site "Villeurbanne FRA"]
[Date "2003.09.14"]
[Round "3"]
[White "Legky,N"]
[Black "Kosten,A"]
[Result "1/2-1/2"]
[WhiteElo "2482"]
[BlackElo "2514"]

1.d4 Nf6 2.c4 e6 3.Nc3 Bb4 4.Qc2 O-O 5.Bg5 d6 6.e3 Nbd7 7.Bd3 h6 8.Bh4 b6
9.Ne2 c5 10.O-O Bb7 11.a3 Bxc3 12.Nxc3 a6 13.Bh7+ Kh8 14.Be4 Qc7 15.Bxb7 Qxb7  1/2-1/2

[Event "FSGM September"]
[Site "Budapest HUN"]
[Date "2003.09.15"]
[Round "10"]
[White "Jakab,A"]
[Black "Nguyen Ngoc Truongson"]
[Result "1/2-1/2"]
[WhiteElo "2442"]
[BlackElo "2435"]

1.d4 Nf6 2.c4 e6 3.Nc3 Bb4 4.Qc2 O-O 5.a3 Bxc3+ 6.Qxc3 b6 7.Nf3 Bb7 8.g3 d5
9.Bg2 dxc4 10.Qxc4 Nbd7 11.O-O c5 12.dxc5 Nxc5 13.Bg5 h6 14.Bf4 Bd5 15.Qc3 Rc8
16.Rad1 Qe7 17.Bh3 Rfd8 18.Qe3 Bb7 19.b4 Rxd1 20.Rxd1 Nd5 21.Qe5 Nd7 22.Qd4 Ba6
23.Bf1 N7f6 24.Be5 Bb7 25.Qb2 Qf8 26.Nd2 Nd7 27.Ne4 Nxe5 28.Qxe5 Rd8 29.Rc1 Rc8
30.Rd1  1/2-1/2

[Event "2nd League TCh-SCG"]
[Site "Belgrade SCG"]
[Date "2003.09.30"]
[Round "4"]
[White "Jovanovic,Zo1"]
[Black "Vukanovic,S"]
[Result "0-1"]
[WhiteElo "2290"]
[BlackElo "2350"]

1.d4 Nf6 2.c4 e6 3.Nc3 Bb4 4.Qc2 O-O 5.a3 Bxc3+ 6.Qxc3 Ne4 7.Qc2 f5 8.Nf3 b6
9.e3 Bb7 10.Be2 c5 11.dxc5 bxc5 12.O-O Rf6 13.Qb3 Qc7 14.Bd2 Nc6 15.Bc3 Rh6
16.g3 d6 17.Nd2 Nxc3 18.Qxc3 Ne5 19.f4 Nd7 20.b4 Re8 21.Qc2 Qb6 22.b5 Rf6
23.e4 Ba8 24.a4 e5 25.a5 Qc7 26.Bd3 exf4 27.exf5 fxg3 28.hxg3 d5 29.Rf4 Qe5
30.Raf1 Qe3+ 31.Kg2 Ne5  0-1

[Event "Osen II"]
[Site "Alushta UKR"]
[Date "2003.10.02"]
[Round "8"]
[White "Sumets,A"]
[Black "Bakre,T"]
[Result "1-0"]
[WhiteElo "2473"]
[BlackElo "2434"]

1.d4 Nf6 2.c4 e6 3.Nc3 Bb4 4.Qc2 O-O 5.e4 c5 6.a3 Qa5 7.e5 cxd4 8.axb4 Qxa1
9.exf6 dxc3 10.fxg7 Re8 11.bxc3 e5 12.Nh3 Qa6 13.Bd3 e4 14.Be2 Qg6 15.Nf4 Qxg7
16.O-O d6 17.Rd1 Nd7 18.Rxd6 Nf6 19.Be3 Be6 20.Qd2 a5 21.Bd4 Qh6 22.Qe3 a4
23.Qg3+ Kf8 24.Bc5 Re7 25.Nxe6+ fxe6 26.Rxe6 Re8 27.Qe5  1-0

[Event "YM"]
[Site "Zug SUI"]
[Date "2003.10.12"]
[Round "6"]
[White "Berkvens,J"]
[Black "Buss,R"]
[Result "1-0"]
[WhiteElo "2450"]
[BlackElo "2267"]

1.d4 Nf6 2.c4 e6 3.Nc3 Bb4 4.Qc2 O-O 5.a3 Bxc3+ 6.Qxc3 b6 7.Bg5 Bb7 8.e3 d6
9.Ne2 Nbd7 10.Qd3 Ba6 11.Qc2 c5 12.Rd1 cxd4 13.Rxd4 Qc7 14.Nc3 h6 15.Bxf6 Nxf6
16.Qa4 Qb7 17.Rxd6 Rfd8 18.Rxd8+ Rxd8 19.f3 Qd7 20.Be2 Qxa4 21.Nxa4 Rc8 22.b3 b5
23.cxb5 Rc1+ 24.Bd1 Bxb5 25.Kd2 Rc7 26.Nc3 Rd7+ 27.Kc1 Rc7 28.Kb2 Bd3 29.Re1 Nd7
30.Bc2 Ba6 31.Rd1 Kf8 32.Rd6 Bf1 33.Rd2 Ne5 34.Ne4 Rb7 35.Kc1 Ke7 36.Ng3 Ba6
37.Ne2 Rc7 38.Nd4 Rc3 39.Kb2 Rxe3 40.f4 Nd3+ 41.Bxd3 Bxd3 42.Nc6+ Kd6 43.Ne5 Re2
44.Rxe2 Bxe2 45.Nxf7+ Kd5 46.Kc3 Bf1 47.g3 Ke4 48.Nd6+ Kf3 49.Kd4 Kg2 50.Ke3 Kxh2
51.Kf2 Bg2 52.b4 Bc6 53.b5 Bd7 54.a4 Kh3 55.Nf7 Be8 56.Nd8 Bd7 57.Nc6 a6
58.Nd4 axb5 59.axb5 g5 60.b6 Bc8 61.fxg5 hxg5 62.Nxe6  1-0

[Event "300 Years"]
[Site "St Petersburg RUS"]
[Date "2003.10.19"]
[Round "2"]
[White "Kozlov,R"]
[Black "Maiorov,N"]
[Result "0-1"]
[WhiteElo "2227"]
[BlackElo "2415"]

1.d4 Nf6 2.c4 e6 3.Nc3 Bb4 4.Qc2 O-O 5.e4 Bxc3+ 6.bxc3 d6 7.Bd3 Nc6 8.Bg5 h6
9.Bh4 e5 10.Ne2 Qe7 11.f3 b6 12.O-O Na5 13.Nc1 Nc6 14.Nb3 Nd8 15.d5 g5 16.Be1 Nh5
17.g3 f6 18.Rf2 Nf7 19.Nd2 Ng7 20.Nf1 Nd8 21.Ne3 Nb7 22.g4 Nc5 23.h4 h5 24.Rg2 Kf7
25.Bd2 Rh8 26.hxg5 fxg5 27.Nf5 Qf6 28.Be3 hxg4 29.fxg4 Bxf5 30.exf5 Rh3 31.Bxc5 dxc5
32.Be4 Rah8 33.Rd1 Ne8 34.d6 Nxd6 35.Bd5+ Kf8 36.Qe2 e4 37.Qd2 e3 38.Qd3 Rh1+  0-1

[Event "300 Years"]
[Site "St Petersburg RUS"]
[Date "2003.10.20"]
[Round "3"]
[White "Ionov,S"]
[Black "Feoktistov,A"]
[Result "1-0"]
[WhiteElo "2547"]
[BlackElo "2435"]

1.d4 Nf6 2.c4 e6 3.Nc3 Bb4 4.Qc2 O-O 5.a3 Bxc3+ 6.Qxc3 b6 7.Bg5 Bb7 8.e3 d6
9.Ne2 Nbd7 10.Qd3 Ba6 11.b4 c5 12.b5 Bb7 13.Nc3 h6 14.Bh4 Rc8 15.d5 Ne5 16.Qd1 exd5
17.cxd5 c4 18.Qd4 Rc5 19.Bxf6 Qxf6 20.Ne4 Qg6 21.Nxc5 bxc5 22.Qd2 Nd3+ 23.Bxd3 cxd3
24.O-O Bxd5 25.f3 Bb3 26.Rfc1 Bc2 27.Ra2 Re8 28.Raxc2 dxc2 29.Rxc2 Rxe3 30.Qxe3 Qxc2
31.Qe8+ Kh7 32.Qe4+ Qxe4 33.fxe4 Kg6 34.a4 Kf6 35.a5 c4 36.Kf2 Ke5 37.b6 axb6
38.axb6 c3 39.Ke3  1-0

[Event "300 Years"]
[Site "St Petersburg RUS"]
[Date "2003.10.21"]
[Round "4"]
[White "Tunik,G"]
[Black "Ovod,E"]
[Result "1-0"]
[WhiteElo "2482"]
[BlackElo "2317"]

1.d4 Nf6 2.c4 e6 3.Nc3 Bb4 4.Qc2 O-O 5.a3 Bxc3+ 6.Qxc3 Ne4 7.Qc2 f5 8.Nh3 b6
9.f3 Nf6 10.e3 Bb7 11.b3 c5 12.Bb2 cxd4 13.Bxd4 Nc6 14.Bb2 Rc8 15.Be2 b5
16.O-O bxc4 17.bxc4 Qb6 18.c5 Na5 19.Rac1 Qb3 20.Qd2 Nd5 21.Bd4 Qa4 22.Bd1 Qb5
23.Be2 Qa4 24.Rb1 Bc6 25.Qd3 Rb8 26.Be5 Rb3 27.Rxb3 Qxb3 28.Qxb3 Nxb3 29.Rb1 Na5
30.Kf2 Nb7 31.Bd4 Nd8 32.Ng1 g6 33.Bc4 Nf7 34.Ne2 Re8 35.Ba1 Ba8 36.Nc1 Kf8
37.Nd3 Ke7 38.Bd4 Rc8 39.Nb4 d6 40.Nxd5+ exd5 41.Ba6 Rc7 42.cxd6+ Nxd6 43.Rb8 Bc6
44.h4 Ke6 45.Kg3 Bd7 46.Kf4 Nc4 47.Rh8 Ba4 48.Bc8+ Kd6 49.h5 gxh5 50.Bxf5 Rf7
51.Rxh7 Rxh7 52.Bxh7 a5 53.Bc3 Kc5 54.Bg6 Kb6 55.Bxh5 Nxa3 56.g4 Nb5 57.Ba1 d4
58.exd4 Bb3 59.Ke5 a4 60.g5 Kc7 61.g6 Kd7 62.d5 Nc7 63.Bg4+ Kd8 64.d6 Ne8
65.f4 a3 66.f5 a2 67.f6 Nxd6 68.Kxd6 Bf7 69.Bh5 Ke8 70.g7 Kd8 71.Bxf7  1-0

[Event "300 Years"]
[Site "St Petersburg RUS"]
[Date "2003.10.22"]
[Round "5"]
[White "Maiorov,N"]
[Black "Golovchenko,G"]
[Result "1-0"]
[WhiteElo "2415"]
[BlackElo "2320"]

1.d4 Nf6 2.c4 e6 3.Nc3 Bb4 4.Qc2 O-O 5.a3 Bxc3+ 6.Qxc3 b6 7.Bg5 Bb7 8.f3 h6
9.Bh4 d5 10.e3 Nbd7 11.cxd5 Nxd5 12.Bxd8 Nxc3 13.Bh4 Nd5 14.Bf2 c5 15.e4 Ne7
16.Ne2 Rac8 17.Nc3 a6 18.O-O-O cxd4 19.Bxd4 Rfd8 20.Be2 Kf8 21.Kb1 e5 22.Bf2 b5
23.Rd6 Nb8 24.Rhd1 Ke8 25.a4 Rxd6 26.Rxd6 b4 27.Na2 Nec6 28.Nc1 Rd8 29.Rxd8+ Kxd8
30.Nd3 Nd7 31.Kc2 Kc7 32.Nc5 a5 33.Nxd7 Kxd7 34.Bc4 f6 35.Bc5 h5 36.Kd2 g5
37.Bb6 Kd6 38.Bd5 f5 39.b3 g4 40.Bf7 gxf3 41.gxf3 fxe4 42.fxe4 h4 43.Bd5 Bc8
44.Bxc6 Kxc6 45.Bxa5 Be6 46.Kc2 Kc5 47.Bd8 h3 48.Be7+ Kd4 49.Bxb4 Kxe4 50.Be1 Bd7
51.Kc3 Kf3 52.Bg3 e4 53.Kd4 e3 54.a5 e2 55.Kc5 Kg2 56.b4 Kf1 57.b5 e1=Q 58.Bxe1 Kxe1
59.a6 Bg4 60.b6 Be2 61.b7 Bxa6 62.b8=Q Bf1 63.Qg3+ Ke2 64.Kd4 Bg2 65.Qe3+  1-0

[Event "300 Years Women"]
[Site "St Petersburg RUS"]
[Date "2003.10.22"]
[Round "5"]
[White "Ubiennykh,E"]
[Black "Zigangirova,S"]
[Result "1-0"]
[WhiteElo "2317"]
[BlackElo "2238"]

1.d4 Nf6 2.c4 e6 3.Nc3 Bb4 4.Qc2 O-O 5.e4 c5 6.d5 Bxc3+ 7.bxc3 e5 8.Bd3 d6
9.h3 Nbd7 10.g4 Qe7 11.Ne2 Re8 12.Ng3 Nf8 13.Bg5 h6 14.Be3 N6h7 15.O-O-O Ng6
16.Nh5 Rb8 17.Rdg1 Nh4 18.Qe2 g5 19.Ng3 f6 20.Nf5 Nxf5 21.gxf5 Kh8 22.h4 Qf7
23.hxg5 hxg5 24.Rh6 Rg8 25.Rgh1 Rg7 26.Qf1 b6 27.Be2 Rb7 28.Bh5 Qg8 29.Bg6 Qf8
30.R1h5 Rbc7 31.Qh1 Qg8 32.Bxh7 Rxh7 33.Rxf6 Ba6 34.Rg6  1-0

[Event "WYg18"]
[Site "Halkidiki GRE"]
[Date "2003.10.24"]
[Round "2"]
[White "Dzagnidze,N"]
[Black "Meshcheriakova,E"]
[Result "1-0"]
[WhiteElo "2452"]
[BlackElo "2231"]

1.d4 Nf6 2.c4 e6 3.Nc3 Bb4 4.Qc2 O-O 5.a3 Bxc3+ 6.Qxc3 b6 7.Bg5 Bb7 8.f3 d6
9.e3 Nbd7 10.Bd3 Rc8 11.Nh3 h6 12.Bh4 c5 13.O-O d5 14.dxc5 Nxc5 15.Be2 dxc4
16.Bxc4 Na4 17.Qb3 Nc5 18.Qc2 Ncd7 19.Qe2 Ne5 20.Bb5 Qe7 21.Be1 Qc7 22.e4 Nc6
23.Bc3 e5 24.Qe3 Rfd8 25.Rad1 Rd6 26.Nf2 Nd4 27.Bxd4 exd4 28.Rxd4 Qc5 29.Rd3 Qxe3
30.Rxe3 Rd2 31.b3 a6 32.Re2 Rd4 33.Bd3 Rcd8 34.Bc2 a5 35.Rd1 Ba6 36.Ree1 Rd2
37.e5 Ne8 38.Ne4 Rxd1 39.Rxd1 Rxd1+ 40.Bxd1 Nc7 41.Kf2 Kf8 42.Ke3 Ke7 43.Nc3 Bb7
44.Be2 Bc6 45.g3 Ne6 46.Bc4 Nc7 47.a4 Ne6 48.f4  1-0

[Event "300 Years"]
[Site "St Petersburg RUS"]
[Date "2003.10.24"]
[Round "7"]
[White "Sergienko,S"]
[Black "Biriukov,O"]
[Result "1/2-1/2"]
[WhiteElo "2435"]
[BlackElo "2362"]

1.d4 Nf6 2.c4 e6 3.Nc3 Bb4 4.Qc2 O-O 5.a3 Bxc3+ 6.Qxc3 b6 7.Bg5 c5 8.dxc5 bxc5
9.Nf3 d6 10.e3 Nbd7 11.Be2 Bb7 12.Bh4 Rb8 13.O-O Bxf3 14.Bxf3 Ne5 15.Rfd1 Nxf3+
16.gxf3 Ne4 17.Bxd8 Nxc3 18.Rxd6 Rfxd8 19.Rxd8+ Rxd8 20.bxc3 g6 21.Rb1 Rd3
22.Rb3 Rd1+ 23.Kg2 Ra1 24.Rb5  1/2-1/2

[Event "Ralston IM"]
[Site "San Francisco USA"]
[Date "2003.10.26"]
[Round "3"]
[White "Keatinge Clay,A"]
[Black "Lobo,Ri"]
[Result "1-0"]
[WhiteElo "2248"]
[BlackElo "2302"]

1.d4 Nf6 2.c4 e6 3.Nc3 Bb4 4.Qc2 O-O 5.a3 Bxc3+ 6.Qxc3 h6 7.Nf3 b6 8.e3 Bb7
9.Be2 d6 10.O-O Nbd7 11.b4 Ne4 12.Qb3 f5 13.Nd2 Ng5 14.f3 Qe7 15.Bb2 Kh8
16.Rfe1 e5 17.dxe5 dxe5 18.f4 Ne6 19.g3 c5 20.Nf3 Bxf3 21.Bxf3 e4 22.Be2 cxb4
23.axb4 a5 24.Ba3 axb4 25.Bxb4 Nec5 26.Qc2 Qe6 27.Bc3 Kh7 28.Red1 Qc6 29.Rxa8 Rxa8
30.Rd5 Qe6 31.Qd2 Qf7 32.g4 g6 33.Rd6 Qe7 34.Qd4 Rg8 35.Qd5 Rf8 36.gxf5 Rxf5
37.Qd4 Rf8 38.Bg4 Rd8 39.f5 gxf5 40.Bxf5+ Kg8 41.Qh8+ Kf7  1-0

[Event "WYb16"]
[Site "Halkidiki GRE"]
[Date "2003.10.27"]
[Round "5"]
[White "Grigorov,G"]
[Black "Bellaiche,A"]
[Result "1/2-1/2"]
[WhiteElo "2236"]
[BlackElo "2454"]

1.d4 Nf6 2.c4 e6 3.Nc3 Bb4 4.Qc2 O-O 5.e4 c5 6.e5 cxd4 7.a3 dxc3 8.axb4 cxb2
9.Bxb2 Ne8 10.Nf3 d6 11.Bd3 h6 12.O-O dxe5 13.Nxe5 Nf6 14.Rfd1 Qc7 15.Qc3 Nbd7
16.Ng4 Qf4 17.h3 Re8 18.Re1 Qc7 19.Re3 b6 20.Rg3 e5 21.Nxh6+ Kf8 22.Ng4 Bb7
23.Nxf6 Nxf6 24.Re1 Nh5 25.Rge3 Nf4 26.Bf1 f6 27.Rg3 Rad8 28.Qc2 Kg8 29.c5 bxc5
30.bxc5 Bd5 31.Bc1 Ne6 32.Be3 Qc6  1/2-1/2

[Event "3rd Rohde Open"]
[Site "Sautron FRA"]
[Date "2003.10.27"]
[Round "3"]
[White "Bergez,L"]
[Black "Stocek,J"]
[Result "0-1"]
[WhiteElo "2393"]
[BlackElo "2545"]

1.d4 Nf6 2.c4 e6 3.Nc3 Bb4 4.Qc2 O-O 5.e4 d6 6.Bg5 h6 7.Bh4 e5 8.O-O-O Bxc3
9.bxc3 Qe7 10.f3 c5 11.d5 b5 12.g4 bxc4 13.Ne2 Nbd7 14.Ng3 Nb6 15.Qd2 Rb8
16.Nh5 Qb7 17.Nxf6+ gxf6 18.Qxh6 Nxd5 19.Kd2 Qb2+ 20.Ke1 Qxc3+ 21.Kf2 Rb2+
22.Kg3 Qc2  0-1

[Event "LXVIII ch-ESP Scheveningen"]
[Site "Burgos ESP"]
[Date "2003.10.30"]
[Round "2"]
[White "Herraiz Hidalgo,H"]
[Black "Candela Perez,J"]
[Result "0-1"]
[WhiteElo "2499"]
[BlackElo "2410"]

1.d4 Nf6 2.c4 e6 3.Nc3 Bb4 4.Qc2 O-O 5.a3 Bxc3+ 6.Qxc3 b6 7.Bg5 Bb7 8.Nf3 d6
9.e3 Nbd7 10.Nd2 c5 11.f3 h6 12.Bh4 Rc8 13.dxc5 bxc5 14.Qc2 d5 15.Be2 Qb6
16.O-O Rfe8 17.Rab1 a5 18.Rfc1 Qa7 19.Re1 d4 20.Bf2 a4 21.Rbd1 e5 22.Bd3 Bc6
23.Bf5 Rb8 24.Nf1 Rb6 25.f4 Qb7 26.fxe5 Rxb2 27.Rb1 Rxc2 28.Rxb7 Rxf2 29.Kxf2 Rxe5
30.Rc7 Rxf5+ 31.Kg1 Be4 32.Ng3 Bc2 33.Nxf5 d3 34.Ne7+ Kh7 35.Nd5 d2 36.Rf1 d1=R
37.Rxd1 Bxd1 38.Nxf6+ Nxf6 39.Rxc5 Kg6 40.h3 Ne4 41.Re5 Bc2 42.c5 Kf6 43.Re8 Bd3
44.Rd8 Bb5 45.Rb8 Bd3 46.c6 Nd6 47.Rb4 Bb5 48.c7 Bd7 49.Kf2 Ke7 50.Rd4 Ke6
51.Ke2 Nb5 52.Rc4 Bc8 53.Kd2 Nxa3 54.Rb4 Kd6 55.Rxa4 Nb5 56.Rf4 f6 57.Ke2 Nxc7
58.Kf2 Nd5 59.Ra4 Bd7 60.Rc4 Ke5 61.Rd4 Be6 62.Ra4 Nc3 63.Rb4 Ne4+ 64.Kg1 Bd5
65.Ra4 g5 66.Rb4 h5 67.Ra4 Nd6 68.Kf2 Nf5 69.Ra7 Nh4 70.g3 Nf5 71.Ra4 Nd6
72.Ra7 Ne4+ 73.Kf3 Nd6+ 74.Kf2 Nf5 75.Ra4 h4 76.gxh4 Nxh4 77.Rb4 Nf5 78.Ra4 Nd6
79.Ra7 Ne4+ 80.Kf3 Ke6 81.Ra6+ Nd6+ 82.Kf2 Ke5 83.Ra7 Ne4+ 84.Kf3  0-1

[Event "1st GM"]
[Site "Nagykanizsa HUN"]
[Date "2003.11.08"]
[Round "4"]
[White "Erdos,V"]
[Black "Gyimesi,Z"]
[Result "1/2-1/2"]
[WhiteElo "2443"]
[BlackElo "2537"]

1.d4 Nf6 2.c4 e6 3.Nc3 Bb4 4.Qc2 O-O 5.e4 d5 6.e5 Ne4 7.a3 Bxc3+ 8.bxc3 c5
9.Bd3 Qa5 10.Ne2 cxd4 11.cxd5 exd5 12.f3 Nxc3 13.Nxd4 Nb5+ 14.Bd2 Nxd4 15.Bxh7+ Kh8
16.Bxa5 Nxc2+ 17.Bxc2 Nc6 18.Bc7 Bd7 19.Bd6 Rfe8 20.O-O-O Nxe5 21.Rxd5 Rac8
22.Kb1 Ng6 23.h4 Kg8 24.h5 Ne7 25.Re5 Nc6 26.Rxe8+ Rxe8 27.Be4 Nd4 28.Rd1 Nb5
29.Bb4 Bc6 30.Bd3  1/2-1/2

[Event "1st GM"]
[Site "Nagykanizsa HUN"]
[Date "2003.11.10"]
[Round "6"]
[White "Erdos,V"]
[Black "Farago,I"]
[Result "1-0"]
[WhiteElo "2443"]
[BlackElo "2485"]

1.d4 Nf6 2.c4 e6 3.Nc3 Bb4 4.Qc2 O-O 5.a3 Bxc3+ 6.Qxc3 b6 7.Bg5 Bb7 8.Nf3 d6
9.Nd2 Nbd7 10.e3 h6 11.Bh4 c5 12.dxc5 bxc5 13.f3 d5 14.Bd3 Qb6 15.O-O e5
16.Qc2 d4 17.exd4 exd4 18.b4 a5 19.bxc5 Nxc5 20.Rab1 Qc6 21.Nb3 Nxb3 22.Qxb3 Ba6
23.Rfc1 Rfe8 24.Bf2 Qc5 25.Bf1 Re6 26.Rd1 Rd6 27.Qb2 Rad8 28.Rd2 Ne8 29.Rbd1 Rb6
30.Qc1 Rbd6 31.Qa1 Qc6 32.Rxd4 Bxc4 33.Rxc4  1-0

[Event "ch-UKR w"]
[Site "Nikolaev UKR"]
[Date "2003.11.11"]
[Round "8"]
[White "Kostak,T"]
[Black "Gutsko,A"]
[Result "1/2-1/2"]
[WhiteElo "2071"]
[BlackElo "2203"]

1.d4 Nf6 2.c4 e6 3.Nc3 Bb4 4.Qc2 O-O 5.Bf4 d5 6.e3 c5 7.dxc5 Ne4 8.Bd3 Bxc3+
9.bxc3 f5 10.cxd5 exd5 11.Nf3 Nxc5 12.Be2 Nc6 13.Rd1 Be6 14.O-O Qe7 15.c4 Nb4
16.Qb2 Na4 17.Qa3 Nb6 18.Nd4 a5 19.c5 Nc8 20.Rb1 Nc6 21.Nxe6 Qxe6 22.Rxb7 Ne5
23.Qb2 Nf7 24.Rd1 Ra7 25.Bf3 Qa6 26.Rxa7 Qxa7 27.Bxd5 Qxc5 28.Qb3 Qe7 29.Rc1 Qf6
30.h3 Ne7 31.Be6 h6 32.Bd6 Kh8 33.Bxe7 Qxe7 34.Bxf5 Ng5 35.Rc8 Nf3+ 36.gxf3 Qg5+
37.Kh2 Qxf5 38.Rxf8+ Qxf8 39.Qd5 a4 40.Kg2 a3 41.f4 Qb8 42.f5 Qb2 43.Qe6 Qd2  1/2-1/2

[Event "British Rapidplay"]
[Site "Halifax ENG"]
[Date "2003.11.15"]
[Round "1"]
[White "Lalic,B"]
[Black "Buckley,M"]
[Result "1-0"]
[WhiteElo "2503"]
[BlackElo "2147"]

1.d4 Nf6 2.c4 e6 3.Nc3 Bb4 4.Qc2 O-O 5.a3 Bxc3+ 6.Qxc3 b6 7.Bg5 Bb7 8.Nf3 d6
9.Nd2 Nbd7 10.f3 a5 11.e4 e5 12.Be2 Re8 13.O-O Nf8 14.Be3 a4 15.dxe5 dxe5
16.c5 bxc5 17.Qxc5 N8d7 18.Qc2 Ba6 19.Bxa6 Rxa6 20.Rac1 c5 21.Rfd1 Qb8 22.Nc4 Rc8
23.Qd3 Re6 24.Rc2 h6 25.Rcd2 Nb6 26.Nd6 c4 27.Qe2 Rf8 28.Nxc4 Nxc4 29.Qxc4 Qa8
30.g3 Rc8 31.Qxc8+ Qxc8 32.Rd8+ Qxd8 33.Rxd8+ Kh7 34.Bd2 Ra6 35.Bc3 Ng8 36.Bxe5 Ne7
37.Rd7 Nc6 38.Bc3 Kg8 39.Kf2 Na5 40.Rd8+ Kh7 41.Ke3 Nc4+ 42.Kd3 Nd6 43.Rb8 Kg6
44.g4 h5 45.e5  1-0

[Event "TCh-SLO"]
[Site "Celje SLO"]
[Date "2003.11.20"]
[Round "5"]
[White "Rusjan,M"]
[Black "Zorko,Ju"]
[Result "0-1"]
[WhiteElo "2235"]
[BlackElo "2305"]

1.d4 Nf6 2.c4 e6 3.Nc3 Bb4 4.Qc2 O-O 5.Bg5 c5 6.dxc5 Na6 7.a3 Qa5 8.Bxf6 gxf6
9.Rc1 Bxc3+ 10.Qxc3 Qxc3+ 11.Rxc3 Nxc5 12.b4 Na4 13.Rc2 b6 14.e4 Ba6 15.Bd3 d5
16.exd5 exd5 17.Kd2 dxc4 18.Bxc4 Rfd8+ 19.Kc1 Bxc4 20.Rxc4 Rac8 21.Rc2 Nc3
22.Nh3 Rd3 23.Re1 a5 24.Nf4 Rd4 25.Nh5 axb4 26.axb4 Kf8 27.Nxf6 Na2+ 28.Kb2 Rxb4+  0-1

[Event "7th Cup IM"]
[Site "Paks HUN"]
[Date "2003.11.21"]
[Round "3"]
[White "Videki,S"]
[Black "Fodor,T jr"]
[Result "1-0"]
[WhiteElo "2430"]
[BlackElo "2137"]

1.d4 Nf6 2.c4 e6 3.Nc3 Bb4 4.Qc2 O-O 5.a3 Bxc3+ 6.Qxc3 Ne4 7.Qc2 f5 8.g3 b6
9.Bg2 Bb7 10.Nf3 Nf6 11.O-O Be4 12.Qc3 d6 13.Rd1 Qe7 14.b4 Nbd7 15.Bb2 Rfe8
16.Bh3 Bb7 17.d5 exd5 18.Bxf5 Nf8 19.cxd5 Nxd5 20.Qb3 Qf7 21.Bd3 h6 22.Bc4 c6
23.b5 Rac8 24.bxc6 Bxc6 25.Bxd5 Bxd5 26.Qxd5 Rxe2 27.Qxf7+ Kxf7 28.Bd4 Rcc2
29.Be3 Ra2 30.Rac1 Ne6 31.Rxd6 Rxa3 32.Rxe6  1-0

[Event "Attila Schneder Mem"]
[Site "Budapest HUN"]
[Date "2003.12.01"]
[Round "1"]
[White "Galyas,M"]
[Black "Farkas,Ti"]
[Result "1/2-1/2"]
[WhiteElo "2435"]
[BlackElo "2344"]

1.d4 Nf6 2.c4 e6 3.Nc3 Bb4 4.Qc2 O-O 5.a3 Bxc3+ 6.Qxc3 b6 7.Nf3 Bb7 8.g3 d6
9.Bg2 Nbd7 10.O-O Qe7 11.b4 c5 12.Bb2 Rac8 13.dxc5 dxc5 14.b5 Rfd8 15.Rfd1  1/2-1/2

[Event "Open"]
[Site "Santo Domingo DOM"]
[Date "2003.12.04"]
[Round "9"]
[White "Socko,M"]
[Black "Kallio,H"]
[Result "1/2-1/2"]
[WhiteElo "2395"]
[BlackElo "2493"]

1.d4 Nf6 2.c4 e6 3.Nc3 Bb4 4.Qc2 O-O 5.a3 Bxc3+ 6.Qxc3 b6 7.Bg5 h6 8.Bh4 c5
9.dxc5 bxc5 10.Nf3 a5 11.e3 d6 12.Bd3 Bb7 13.O-O Nbd7 14.Bg3 Ra6 15.Rad1 Qa8
16.Ne1 Be4 17.f3 Bxd3 18.Nxd3 a4 19.Rd2 Rb8 20.Nc1 e5 21.Rfd1 Ne8 22.Rc2 Rab6
23.h3 Qb7 24.Rdd2 Nf8 25.Qd3 Nf6 26.Qe2 Qc6 27.Na2 Rb3 28.Nc3 Ng6 29.Rc1 h5
30.Rcd1 Rd8 31.Bf2 Rd7 32.Kh2 Qa6 33.Qf1 Qc6 34.Qe2 Qa6 35.Qf1  1/2-1/2